Clic Quel album de Tintin commence ainsi ? - Statistiques

Statistiques générales
  • Ce quiz a été pris 291 fois
  • Le résultat moyen est 12 sur 23
Statistiques - réponses
Hint Réponse % Correct
- La situation est bien nette. On nous envoie le fameux reporter Tintin pour lutter contre nous. C'est un adversaire redoutable, il a fait échouer un plan que j'avais conçu pour contrôler la production au Congo. Plusieurs de nos amis ont été emprisonnés là-bas. Maintenant ce reporter vient s'attaquer à nous. Voici mes ordres : Il ne faut pas que Tintin reste un seul jour à Chicago. J'ai dit ! Tintin en Amérique
93%
- Au revoir, mon cher Tintin, bon voyage et bonne chance !
- Il parait que c'est un jeune reporter qui part pour l'Afrique
Tintin au Congo
86%
- Allô, allô, ici la Terre ! Fusée lunaire répondez ! Allô ? Allô ? On a marché sur la Lune
84%
- Quelle nuit magnifique !
- Mais quelle chaleur, on se croirait en plein été...
L'étoile mystérieuse
83%
- Evidemment, cela devait arriver un jour avec ta vilaine habitude d'explorer les poubelles ! Est-ce que je fouille dans les poubelles moi ? Le crabe aux pinces d'or
72%
- Où nous sommes ? Mais je vous l'ai dit : à Djakarta
- C'est curieux, j'aurais juré que c'était Djakarta
Vol 714 pour Sydney
72%
- Ah le printemps ! ... Le joli mois de mai ! ... La nature... dans toute la fraîcheur du renouveau Les bijoux de la Castafiore
67%
- Oui, mon brave Milou, demain nous arriverons à Port-Saïd où nous nous ferons escale Les cigares du Pharaon
57%
- Tiens ? Un avion... L'île noire
57%
- Haddock, capitaine au long cours et Tintin, reporter ? Ah oui, la police de Saint-Nazaire m'a prévenu de leur arrivée. Faites entrer. Le temple du soleil
56%
- Nous allons nous assoir un instant sur ce banc Le sceptre d'Ottokar
48%
- Magnifiques vacances, hein Milou ? Tintin au Tibet
47%
- Ca finira mal toute cette histoire, vous verrez. Les 7 boules de cristal
44%
- Allô ? ... Pardon ? ... Non, Madame ce n'est pas la boucherie Sanzot. Non, Madame, pas le 431, le 421... Le 421, Madame. Il n'y a pas de quoi Madame... L'affaire Tournesol
42%
- Ce film vous a plus, capitaine ?
- Euh couci-couça
Coke en stock
36%
- Depuis qu'il a pris l'habitude de capter des messages sur ondes courtes, il n'y a plus moyen de dormir tranquillement Le lotus bleu
35%
- On ferme !
- Tiens ! Il est déjà cinq heures !
L'oreille cassée
35%
- Bon voyage ! Soyez prudent et tenez-nous bien au courant.
- Allons Milou, fais tes adieux à tous ces messieurs
Tintin au pays des Soviets
31%
- Ah c'est monsieur ! Et Monsieur Tintin ! Ah que je suis heureux de les revoir !
- Bonjour mon brave Nestor !
Objectif Lune
25%
- Il s'agit d'ouvrir l'oeil et de pincer ces gredins ! Le secret de la Licorne
23%
- Ah vous voilà rentré ! ... Venez que je vous lise que je viens de découvrir à l'instant dans le dernier Paris-Flash Tintin et les Picaros
23%
- Salut ! Le trésor de Rackham le rouge
22%
- Ca va ! ... Ca va ! ... J'arrive ! Tintin au pays de l'or noir
18%
Aucun quiz correspondant
Distribution des résultats
% des personnes avec chaque résultat
Percentile par nombre de réponses
Votre historique - résultats
Vous n’avez pas pris ce quiz